A Textbook Of Management Economics (Microeconomics) (Record no. 109681)

MARC details
000 -LEADER
fixed length control field 00314pam a2200133 a 4500
020 ## - INTERNATIONAL STANDARD BOOK NUMBER
Terms of availability
041 ## - LANGUAGE CODE
Language code of original
082 ## - DEWEY DECIMAL CLASSIFICATION NUMBER
Classification number 330
Item number MAH
100 ## - MAIN ENTRY--PERSONAL NAME
Personal name Mahajan, M.
245 ## - TITLE STATEMENT
Title A Textbook Of Management Economics (Microeconomics)
Medium Textual Documents
260 ## - PUBLICATION, DISTRIBUTION, ETC.
Place of publication, distribution, etc. Pune
Name of publisher, distributor, etc. Nirali Prakashan
300 ## - PHYSICAL DESCRIPTION
Extent 296/PB
930 ## - EQUIVALENCE OR CROSS-REFERENCE-UNIFORM TITLE HEADING [LOCAL, CANADA]
Uniform title 2850
Holdings
Withdrawn status Lost status Damaged status Not for loan Collection Home library Current library Shelving location Date acquired Source of acquisition Cost, normal purchase price Total Checkouts Full call number Barcode Date last seen Copy number Price effective from Koha item type
          Abhijit Kadam Institute of Management & Social Science, Solapur Abhijit Kadam Institute of Management & Social Science, Solapur   20/10/2000 Vidyayog Distributer 90.00   330 MAH AKS-B-00284 01/03/2023 5 01/03/2023 Book
          Abhijit Kadam Institute of Management & Social Science, Solapur Abhijit Kadam Institute of Management & Social Science, Solapur   20/10/2000 Vidyayog Distributer 90.00   330 MAH AKS-B-00283 01/03/2023 4 01/03/2023 Book
          Abhijit Kadam Institute of Management & Social Science, Solapur Abhijit Kadam Institute of Management & Social Science, Solapur   20/10/2000 Vidyayog Distributer 90.00   330 MAH AKS-B-00282 01/03/2023 3 01/03/2023 Book
          Abhijit Kadam Institute of Management & Social Science, Solapur Abhijit Kadam Institute of Management & Social Science, Solapur   20/10/2000 Vidyayog Distributer 90.00   330 MAH AKS-B-00281 01/03/2023 2 01/03/2023 Book
          Abhijit Kadam Institute of Management & Social Science, Solapur Abhijit Kadam Institute of Management & Social Science, Solapur   20/10/2000 Vidyayog Distributer 90.00   330 MAH AKS-B-00280 01/03/2023 1 01/03/2023 Book